| 000 | 00353 a2200157 4500 | ||
|---|---|---|---|
| 001 | 179951 | ||
| 020 | _a | ||
| 040 | _cMagnum | ||
| 100 | _aAlmeida, Ivam Engler de | ||
| 240 | 1 | 0 |
_aO telefone do joao de barro _lpor |
| 245 | 1 | 0 | _aO telefone do joao de barro |
| 362 | 0 | _a1899 | |
| 440 | 1 | _aDo Brasil | |
| 697 | _aMAGNITO: IJ/DIDATICO | ||
| 942 | _cBK | ||
| 999 |
_c179951 _d179951 |
||